000 00929nam a22001937a 4500
003 OSt
005 20260302011222.0
008 260226b |||||||| |||| 00| 0 eng d
040 _aDWCL GS library
_cOC
082 _aFic. D621f 2008
100 _aDixon, Franklin W.
245 _athe hardy boys mystery stories 12
_b: footprints under the window
_cFranklin W. Dixon
260 _aNew York
_bGrosset & Dunlap
_cc1933
300 _a177
_billustrations
_c19cm
520 _aFootprints Under the Window (1933) is the 12th Hardy Boys mystery by Franklin W. Dixon. Frank and Joe investigate an espionage ring trying to steal a top-secret invention. After finding mysterious, lingering footprints and a cryptic warning from a runaway, the boys travel to South America to uncover the mastermind.
546 _aEnglish
700 _aFranklin W. Dixon
942 _2ddc
_cFIC.
_hFic. D621f 2008
_n0
999 _c8545
_d8545